000 00321nam a2200109Ia 4500
008 171211s9999 xx 000 0 und d
245 _aNaked Truth: Strip Clubs, Democracy, and a Christian Right
245 _cJudith Lynne Hanna
260 _c2012
650 _xART
856 _uhttp://down.ebook777.com/064/0292735766.pdf
999 _c348525
_d348525